Normale Ansicht MARC-Ansicht ISBD

Fahrschulen bauen aufgestaute Theorie- und Praxisstunden ab (Titelsatznr. 80227)

[ MARC ]
MARC-Details
000 -Satzkennung
Kontrollfeld mit fester Länge 00700nam a22001577a 4500
008 - Feld mit fester Länge zur physischen Beschreibung - Allgemeine Angaben
Kontrollfeld mit fester Länge 201130b ||||| |||| 00| 0 eng d
040 ## - Katalogisierungsquelle
Katalogisierungssprache ger
Übertragungsstelle STAFF
Beschreibungsfestlegungen rda
Original-Katalogisierungsstelle STAFF
100 ## - Person oder Familie als 1. geistiger Schöpfer
Personenname Hnida, Jan-Henrik
245 ## - Titel
Haupttitel Fahrschulen bauen aufgestaute Theorie- und Praxisstunden ab
Titelzusatz Corona: Während des ersten Lockdowns im Frühjahr standen die Autos still. Das ist jetzt anders - Fahrlehrer und Schüler haben viel aufzuholen.
Verantwortlichkeitsangabe Jan-Henrik Hnida
300 ## - Physische Beschreibung
Andere physische Details Fotos
773 ## - Übergeordnete Einheit
Ort, Verlag und Erscheinungsjahr Frankfurt (Oder): Märkisches Verlags- und Druckhaus GmbH & Co KG
Verknüpfungsangaben 31. Jahrgang (2020) Nr. 276 vom 26.11.2020, S. 15
Titel Märkische Oderzeitung
942 ## - Zusätzliche Felder (Koha)
Koha-Medientyp Aufsätze
Exemplare
Ausgeschieden Verloren Beschädigt Nicht entleihbar Permanenter Standort Aktueller Standort Eingabedatum Anzahl Ausleihen Signatur Letzte Aktivität Preis gültig von Medientyp
        Stadtarchiv Frankfurt (Oder) | Archivbibliothek Stadtarchiv Frankfurt (Oder) | Archivbibliothek 01/12/2020   Z2 01/12/2020 01/12/2020 Aufsätze